The Signs of a Prophet (Record no. 11379)

MARC details
000 -LEADER
fixed length control field 00636nam a2200229 a 4500
001 - CONTROL NUMBER
control field 0001-1379
003 - CONTROL NUMBER IDENTIFIER
control field ELIB.Books
008 - FIXED-LENGTH DATA ELEMENTS--GENERAL INFORMATION
fixed length control field 160712 2010 eng
020 ## - INTERNATIONAL STANDARD BOOK NUMBER
International Standard Book Number 1563382105
035 ## - SYSTEM CONTROL NUMBER
System control number (ELIB.Books)0001-1534
092 ## - LOCALLY ASSIGNED DEWEY CALL NUMBER (OCLC)
Classification number 232.8 Hoo
-- R
100 ## - MAIN ENTRY--PERSONAL NAME
Personal name Hooker, Morna D.
245 ## - TITLE STATEMENT
Title The Signs of a Prophet
Remainder of title The Prophetic Actions of Jesus
260 ## - PUBLICATION, DISTRIBUTION, ETC. (IMPRINT)
Place of publication, distribution, etc. Harrisburg, Pennsylvania
Name of publisher, distributor, etc. Trinity Press International
Date of publication, distribution, etc. 1997
300 ## - PHYSICAL DESCRIPTION
Extent 129
Dimensions 26 Cm
650 ## - SUBJECT ADDED ENTRY--TOPICAL TERM
Topical term or geographic name as entry element Jesus Christ-Prophetic Office
856 ## - ELECTRONIC LOCATION AND ACCESS
Name of location of host KBTS Library
Uniform Resource Identifier <a href="KBTS: ELIB">KBTS: ELIB</a>
942 ## - ADDED ENTRY ELEMENTS (KOHA)
Source of classification or shelving scheme Dewey Decimal Classification
Koha item type Books
990 ## - EQUIVALENCES OR CROSS-REFERENCES [LOCAL, CANADA]
Link information for 9XX fields 1
998 ## - LOCAL CONTROL INFORMATION (RLIN)
Cataloger's initials, CIN (RLIN) bat
-- 2016-07-12
Holdings
Withdrawn status Lost status Source of classification or shelving scheme Damaged status Not for loan Home library Current library Date acquired Total Checkouts Barcode Date last seen Bill Date Koha item type
    Dewey Decimal Classification     Karen Baptist Theological Seminary Library Karen Baptist Theological Seminary Library 12/07/2016   15885 22/01/2022 22/01/2022 Books
Implemented & Customized by: BestBookBuddies

Powered by Koha